Bilecik Bilecik Bilecik Bilecik Bilecik

Akıllı perakendecilik : (Record no. 40486)

MARC details
000 -BAŞLIK
Sabit Uzunluktaki Kontrol Alanı 01285nam a22003377a 4500
008 - SABİT UZUNLUKTAKİ VERİ ÖGELERİ - GENEL BİLGİ
Sabit Alan 130730b2012 tu a|||gr||||#||||0|tur |
040 ## - KATALOGLAMA KAYNAĞI
Özgün Kataloglama Kurumu TR-BiSEU
Kataloglama Dili tur
Çeviri Kurumu TR-BiSEU
Açıklama Kuralları rda
001 - KONTROL NUMARASI
Control Dosyası 0040614
003 - KONTROL NUMARASI KİMLİĞİ
Kontrol Alanı KOHA_MİRAKIL
005 - EN SON İŞLEM TARİHİ ve ZAMANI
Kontrol Alanı 20260207003207.0
007 - FİZİKSEL TANIM SABİT ALAN - GENEL BİLGİ
Sabit uzunluklu kontrol alanı ta
020 ## - ISBN - ULUSLARARASI STANDART KİTAP NUMARASI
Isbn 9786053604938
041 0# - DİL KODU
Metin ya da ses kaydının dil kodu tur
044 ## - YAYINLAYAN/ÜRETEN KURULUŞUN ÜLKE KODU
ISO country code tu
050 ## - SINIFLAMA ve YER NUMARASI
Sınıflama Numarası HF5429
Yer Numarası .H36 2012
100 1# - KİŞİ ADI
Yazar Adı (Kişi adı) Hammond, Richard.
240 10 - TEK BİÇİM BAŞLIK
Tekbiçim Başlık <a href="Smart retail : turn your store into a sales phenomenon">Smart retail : turn your store into a sales phenomenon</a>
Language of a work Türkçe
245 1# - ESER ADI BİLDİRİMİ
Başlık Akıllı perakendecilik :
Alt Eseradı vb. mağzanızın satışlarında fenomen yaratın =
-- Smart retail :
-- turn your store into a sales phenomenon /
Sorumluluk Bildirimi Richard Hammond ; Richad Hammond ; çeviren Ümit Şensoy ; editör Ali Berktay, Zarife Biliz.
250 ## - BASIM BİLDİRİMİ
Basım Bildirimi 1. baskı.
264 #1 - ÜRERİM, YAYIN, DAĞITIM ve TELİF BİLDİRİMİ
Yayın yeri İstanbul :
Yayınlayan Türkiye İş Bankası Kültür Yayınları
Yayın tarihi 2012
300 ## - FİZİKSEL TANIMLAMA
Sayfa, Cilt vb. xv, 231 sayfa :
Diğer fiziki detaylar resimli ;
Boyutları 24 cm.
336 ## - İÇERİK TÜRÜ
Content type term metin
Content type code txt
Source rdacontent
337 ## - MEDYA TÜRÜ
Media type term aracısız
Media type code n
Source rdamedia
338 ## - TAŞIYICI TÜRÜ
Carrier type term cilt
Carrier type code nc
Source rdacarrier
490 1# - DİZİ BİLDİRİMİ
Dizi Bildirimi Genel yayın ;
Cilt Numarası 2440.
500 ## - GENEL NOT
Genel Not Özgün adı : Smart retail : turn your store into a sales phenomenon
650 #0 - KONU BAŞLIĞI EK GİRİŞ - KONU TERİMİ
Konusal terim veya coğrafi ad Perakende ticaret--Yönetim.
9 (RLIN) 75268
650 #0 - KONU BAŞLIĞI EK GİRİŞ - KONU TERİMİ
Konusal terim veya coğrafi ad Retail trade--Management.
9 (RLIN) 16398
830 1# - SERİ EK GİRİŞİ - TEKBİÇİM ESER ADI
Tekbiçim Başlık Genel yayın ;
Volume number/sequential designation 2440.
9 (RLIN) 11064
942 ## - EK GİRİŞ ÖGELERİ (KOHA)
Source of classification or shelving scheme Library of Congress Classification
Koha item type Book
Holdings
Materyal Türü Kalıcı Konum Mevcut Konum Sınıflandırma Kaynağı Edinim Bilgisi Ana Konular Alt Konular Yer Numarası Demirbaş Numarası Fatura Tarihi Maliyet, Alış Fiyatı Maliyet, Yenileme Fiyatı Geri Çekilme Durumu Kayıp Durumu Hasarlı Durumu Kredi için değil Kayıt Tarih Toplam Ödünçverme Son Görülme Tarihi Son Kontrol Tarihi Satın Alma Notu
Book BŞEÜ Gölpazarı MYO Kütüphanesi BŞEÜ Gölpazarı MYO Kütüphanesi Library of Congress Classification Satın SOSYAL BİLİMLER Ticaret HF5429 .H36 2012 0040614 24/09/2013 13.16 13.16         30/07/2013   05/12/2024 05/12/2024 73291-73383 (92 sayfa)